000 00523nam a2200217Ia 4500
005 20240606095341.0
008 131103s9999 xx 000 0 und d
040 _aLoreto College
041 _aEnglish
082 _a570
_bHOL
100 _aHolmes, Brian
245 4 _aThe water we use
_cBrian Holmes & mary Holmes
260 _aLondon
_bMethuen
_c1955
300 _a75p.
_b ill.
440 _aLife and science
650 _aBiology
651 _aWater
700 _aHolmes, Mary
850 _aLCBED
942 _cBK
999 _c28576
_d79055